000 00819cab a22001935a 4500
001 L143585
008 080520s2008 xxk f 000 0 eng d
035 _a(Sirsi) u143585
041 0 _aeng
100 1 _aHolifield, Emma
245 0 0 _aMalaysia's attractions increasingly evident
260 _c2008
490 0 _aProperty Forecast
_v11(4), April 2008, 10-14(4)
520 _aArgues that the Malaysian property market is a good investment opportunity. The main reasons are: a very young population profile, an urbanisation rate of 10% per annum and supply only 44% of current demand. Covers: the economy, where to buy and mortgages. Table shows projected new completions 2007-2011.
590 _aKA
651 4 _aMalaysia
_y1965-
690 _aPROPERTY-COMMERCIAL PROPERTY-COMMERCIAL PROPERTY MARKET
942 _n0
999 _c80234
_d80234